| 000 | 00667nam a2200205Ia 4500 | ||
|---|---|---|---|
| 003 | GCL | ||
| 008 | 140319s9999 xx 000 0 ara d | ||
| 040 |
_aGCL / _cGCL |
||
| 082 | 0 | 4 |
_aط _b813.088 _bع ن |
| 100 | 1 | _aعبدالقادر حسين | |
| 245 | 1 | 0 |
_aالنفس القلقة المطمئنة قصة موسى عليه السلام / _cعبدالقادر حسين |
| 300 | _a79 ص | ||
| 490 |
_aالهيئة العامة للاستعلامات _v0 |
||
| 650 | 0 | 4 | _aالادب العربى |
| 650 | 0 | 4 | _aالقصص العربية |
| 650 | 0 | 4 | _aالاطفال |
| 650 | 0 | 4 | _aقصص الانبياء |
| 650 | 0 | 4 | _aالقصص الدينية |
| 942 |
_2ddc _cBK |
||
| 999 |
_c49363 _d49363 |
||